00440nam a2200157Ia 450000500170000000800410001708200130005810000170007124500250008826000250011330000130013865000110015194200060016295200990016899900150026720250325045141.0240331s9999 xx 000 0 und d bRAMa894 aRamaswamy, M 0aUruthi konda nejinai aTanjorebRudrac2004 a104 p ., aEssays cL 001040708LaWERCLbWERCLcSSCd2024-03-31l0o 894.811 RAMp1969r2024-03-31w2024-03-31yL c4143d4143